header

Automation in proteomics and genomics (Record no. 64833)

MARC details
000 -LEADER
fixed length control field 01625nam a2200373 a 4500
082 04 - DEWEY DECIMAL CLASSIFICATION NUMBER
Classification number 572/.6
245 00 - TITLE STATEMENT
Title Automation in proteomics and genomics
260 ## - PUBLICATION, DISTRIBUTION, ETC. (IMPRINT)
Place of publication Chichester, West Sussex, U.K. ;
-- Hoboken, N.J. :
Name of publisher John Wiley,
Year of publication 2009.
300 ## - PHYSICAL DESCRIPTION
Number of Pages xviii, 321 p. :
Other physical details ill. (chiefly col.).
505 0# - FORMATTED CONTENTS NOTE
Formatted contents note section 1. Fundamentals of molecular and cellular biology -- section 2. Analysis via automation -- section 3. Design via automation -- section 4. Integration.
650 #0 - SUBJECT ADDED ENTRY--TOPICAL TERM
Topical Term Proteomics
Topical Term Genomics
Topical Term Proteomics
Topical Term Genomics
700 1# - ADDED ENTRY--PERSONAL NAME
Personal name Alterovitz, Gil.
Personal name Benson, Roseann.
Personal name Ramoni, Marco F.
856 40 - ELECTRONIC LOCATION AND ACCESS
Uniform Resource Identifier http://site.ebrary.com/lib/rucke/Doc?id=10298056

No items available.

© 2026 Rongo University
Contact us: librarian | system librarian | Rongo university